[Event "World Junior U20 Open 2018"]
[Site "Gebze"]
[Date "2018.09.12"]
[Round "8.1"]
[White "Karthik Venkataraman"]
[Black "Maghsoodloo, Parham"]
[Result "0-1"]
[WhiteElo "2519"]
[BlackElo "2649"]
[Annotator "TA"]
[PlyCount "108"]
[EventDate "2018.09.05"]
[EventType "swiss"]
[EventCountry "TUR"]
[SourceTitle "playchess.com"]
[Source "ChessBase"]
[SourceQuality "1"]

{[%evp 20,108,46,37,25,0,20,13,22,29,47,53,35,35,12,21,43,0,13,6,16,0,38,32,35,44,53,15,35,0,16,0,31,31,49,49,70,18,27,19,40,33,68,55,65,19,87,21,27,-8,-11,-10,-7,-10,-14,-13,-6,-113,-118,-125,-128,-130,-137,-122,-127,-181,-168,-189,-83,-102,-91,-516,-504,-525,-502,-516,-519,-510,-490,-530,-517,-512,-518,-491,-492,-640,-550,-1041,-749,-731,-731]} 1. e4 c5 2. Nc3 Nc6 3. Nge2 d6 4. d4 cxd4 5. Nxd4 Nf6 6. Bg5 e6 7. Qd2 a6 8. O-O-O Bd7 9. f3 Nxd4 10. Qxd4 Be7 {B67: Sicilian: Richter-Rauzer: 7...a6 8 0-0-0 Bd7, lines without 9 f4 Be7} 11. Kb1 {LiveBook: 9 Games} b5 12. a3 $146 ({Predecessor:} 12. Bxf6 gxf6 13. Ne2 Rc8 14. Qd2 Qb6 15. Nf4 h5 16. g3 Rc7 17. Bd3 Kd8 18. c3 {½-½ (41) Anand,V (2776)-Carlsen,M (2843) Karlsruhe/Baden-Baden 2018}) 12... Qc7 {The position is equal.} 13. g4 h6 14. Be3 Rb8 15. h4 a5 16. Qa7 Qxa7 17. Bxa7 Rb7 18. Bd4 b4 19. axb4 axb4 20. Ne2 e5 21. Be3 Be6 22. Ng3 g6 23. b3 Kf8 24. Bh3 Ne8 25. Bf1 Kg7 26. Kb2 Nc7 27. h5 d5 28. hxg6 (28. Ra1 $14) 28... fxg6 29. Ra1 d4 30. Bd2 Bd6 31. Bd3 Bd7 32. Rh2 Ne6 (32... Bb5 $11) 33. Ne2 ({Better is} 33. Bc4 $16 {And now Ra6 would win.} Be7 34. Ra6) 33... Be7 $11 34. f4 exf4 35. Nxf4 {[#] Ra6 is the strong threat.} Nc5 $1 36. Nd5 Bd6 37. Rg2 Rf8 38. e5 (38. Ba6 $11 Ra7 39. Bxb4 Nxe4 40. Re2) 38... Bxe5 $17 39. Bxb4 Nxd3+ 40. cxd3 Re8 41. Ra5 Bb5 42. Bc5 (42. Re2 $17) 42... Bxd3 $19 43. Rd2 Be4 (43... Bc4 $1 $19 44. Bxd4 Bxb3) 44. Bxd4 $17 Rd7 $36 {[%mdl 2048] Black is on the roll.} 45. Bc3 $2 {[%mdl 8192]} (45. Nf6 $17 {nothing else works.} Kxf6 46. Rf2+ Bf5 47. Bxe5+ Rxe5 48. Ra6+ Kg7 49. gxf5 Rxf5 50. Rxf5 gxf5 51. Kc3) 45... Bxc3+ $19 {Black is clearly winning.} 46. Kxc3 Rc8+ 47. Kb4 {If only White now had time for Nb6....} Rcd8 48. Kc4 g5 {[%cal Bg6g5,Bg5g4,Bg4g3][%mdl 32]} 49. Rc5 Bf3 50. Rd4 h5 51. gxh5 g4 52. b4 g3 {[#] aiming for ...g2.} 53. h6+ Kxh6 {Threatens to win with ...g2.} 54. Rh4+ Kg5 {Precision: White = 34%, Black = 57%.} 0-1

[Event "World Junior U20 Open 2018"]
[Site "Gebze"]
[Date "2018.09.12"]
[Round "8.2"]
[White "Liang, Awonder"]
[Black "Firouzja, Alireza"]
[Result "1-0"]
[WhiteElo "2575"]
[BlackElo "2582"]
[Annotator "TA"]
[PlyCount "89"]
[EventDate "2018.09.05"]
[EventType "swiss"]
[EventCountry "TUR"]
[SourceTitle "playchess.com"]
[Source "ChessBase"]
[SourceQuality "1"]

{[%evp 18,89,46,37,52,39,37,38,32,34,39,11,62,57,54,54,70,70,91,52,103,104,118,117,112,103,155,148,195,196,231,205,234,227,199,153,205,201,241,246,246,230,229,233,266,198,186,192,246,235,242,212,318,311,313,303,289,302,308,286,329,335,368,362,391,377,406,396,605,605,562,335,380,311]} 1. e4 e5 2. Nf3 Nc6 3. Bb5 a6 4. Ba4 Nf6 5. O-O Be7 6. Bxc6 dxc6 7. d3 Nd7 8. Nbd2 c5 9. Nc4 Bf6 10. a4 {LiveBook: 4 Games. C85: Closed Ruy Lopez: Deferred Exchange Variation} a5 11. Bd2 b6 12. Bc3 {[%cal Rf3e5] White is slightly better.} Qe7 13. Ne3 Bb7 $146 ({Predecessor:} 13... Qe6 14. h3 h5 15. Nd5 Bd8 16. Nd2 g5 17. Nc4 f6 {1-0 (50) Tzoumbas,A (2347)-Ermenkov,E (2474) Chania 1999}) 14. Ng4 h5 (14... O-O-O $11) 15. Nxf6+ $14 gxf6 16. Nh4 $36 {[%cal Bf3h4,Bh4f5,Bf5d4,Bd4b3][%mdl 2080] White fights for an advantage.} O-O-O 17. b3 Rdg8 18. Qe2 Qe6 (18... Nf8 $14) 19. f4 $16 Rg4 20. Nf5 Kb8 21. Rf2 exf4 (21... Rg6 $142 22. Raf1 Qe8) 22. Raf1 c4 23. bxc4 Qc6 24. h3 (24. Rxf4 $6 Rxf4 25. Rxf4 Qxa4 $16) 24... Rg5 25. Nd4 Qc5 26. Nb3 Qe7 (26... Qe3 $16) 27. Bd2 $18 ({But not} 27. Rxf4 $6 Rhg8 $16) 27... Nc5 28. Bxf4 (28. Rxf4 $6 Rhg8 $16) 28... Rg6 29. Nxc5 Qxc5 30. Be3 Qc6 31. Bd4 Rhg8 32. Bxf6 Bc8 (32... h4 {was necessary.} 33. Bxh4 f5 34. Rxf5 Bc8) 33. Qxh5 Qxa4 34. Kh1 Qa3 {[#]} (34... Be6 $142 35. Qe5 Qc6) 35. c5 $1 Qxc5 36. Qxc5 bxc5 37. Rb1+ Bb7 38. Rb5 c4 39. Rxa5 Kc8 40. Rc5 cxd3 41. cxd3 Ba6 42. Be5 c6 (42... Kd8 $142 43. Bh2 c6) 43. Rxf7 Rxg2 44. Rxc6+ Kd8 {[#] ( -> ...Rg1+)} 45. Rf8+ {Precision: White = 89%, Black = 28%.} (45. Rxa6 $2 {is a self mate.} Rg1+ 46. Kh2 R8g2#) ({Don't take} 45. Bf6+ Ke8 $18) 1-0

[Event "World Junior U20 Open 2018"]
[Site "Gebze"]
[Date "2018.09.12"]
[Round "8.3"]
[White "Bai, Jinshi"]
[Black "Christiansen, Johan-Sebastian"]
[Result "1/2-1/2"]
[WhiteElo "2556"]
[BlackElo "2525"]
[Annotator "TA"]
[PlyCount "60"]
[EventDate "2018.09.05"]
[EventType "swiss"]
[EventCountry "TUR"]
[SourceTitle "playchess.com"]
[Source "ChessBase"]
[SourceQuality "1"]

{[%evp 16,60,0,-11,0,-3,-1,-41,-26,-13,-24,-49,-40,-31,-31,-44,-37,-39,-37,-50,0,-14,-11,-9,-9,-22,-20,-14,-7,-11,-12,-9,-15,-18,2,2,2,2,2,2,3,2,2,2,2,2,2]} 1. d4 Nf6 2. c4 e6 3. Nc3 Bb4 4. Nf3 d5 5. Bg5 dxc4 6. Qa4+ Nc6 7. e3 Bd7 {D39: Queen's Gambit Declined: Ragozin Defence with 5 Bg5 dxc4} 8. Qc2 b5 9. Be2 {LiveBook: 8 Games} (9. a3 h6 10. Bxf6 Bxc3+ 11. Qxc3 gxf6 12. b3 cxb3 13. Bxb5 Ne7 14. Qxb3 c6 15. Bd3 {½-½ (38) Tarlev,K (2596)-Wang,H (2680) Calimanesti Caciulata 2016}) 9... O-O 10. O-O a6 11. a4 $146 ({Predecessor:} 11. e4 h6 12. Be3 Qc8 13. Ne5 Rd8 14. f4 Be8 15. Rad1 {1-0 (68) Foisor,S (2212)-Chung,M (2051) Vaujany 2015}) 11... Rb8 12. axb5 axb5 13. Ne4 Be7 14. Bxf6 gxf6 {[%cal Bg7f6,Bf6f5][%mdl 32]} 15. b3 f5 16. Ned2 Nb4 17. Qc1 c5 18. bxc4 {The position is equal.} cxd4 19. Nxd4 bxc4 20. Nxc4 Bf6 21. Qd2 Nc6 22. Nxc6 Bxc6 23. Rac1 Qxd2 24. Nxd2 Rb2 (24... Bd7 {is interesting.} 25. Rc7 Rfd8 26. Nc4 Bb5 27. Bh5 Rd7) 25. Rxc6 {[#] Threatens to win with Rd1.} Rxd2 26. Bh5 Rfd8 27. Rc7 R2d7 28. Rxd7 Rxd7 29. Rd1 Rxd1+ 30. Bxd1 Kg7 {Precision: White = 63%, Black = 68%.} 1/2-1/2

[Event "World Junior U20 Open 2018"]
[Site "Gebze"]
[Date "2018.09.12"]
[Round "8.4"]
[White "Sindarov, Javokhir"]
[Black "Hakobyan, Aram"]
[Result "1/2-1/2"]
[WhiteElo "2484"]
[BlackElo "2554"]
[Annotator "TA"]
[PlyCount "63"]
[EventDate "2018.09.05"]
[EventType "swiss"]
[EventCountry "TUR"]
[SourceTitle "playchess.com"]
[Source "ChessBase"]
[SourceQuality "1"]

{[%evp 13,63,0,34,0,0,0,0,0,8,0,6,0,0,0,6,0,0,0,12,10,16,6,27,23,12,0,0,0,0,0,8,0,18,0,0,-8,-9,-4,-5,-12,-12,-12,-12,-12,-12,-12,-12,-12,-12,-12,-12,-12]} 1. e4 e5 2. Nf3 Nc6 3. Bc4 Bc5 4. d3 Nf6 5. Nc3 d6 6. h3 Be6 7. Bb3 h6 8. Be3 {C50: Italienische Partie} (8. Bxe6 {seems wilder.} fxe6 9. Na4 Bb6 10. O-O O-O 11. c3) (8. O-O O-O 9. Be3 Bb6 {½-½ (9) Grgurevic,B (2219)-Zovko,M (2213) Sibenik 2010}) 8... Bxe3 9. fxe3 Bxb3 10. axb3 d5 11. exd5 Nxd5 12. Qd2 O-O 13. O-O f5 $146 ({Vorgänger:} 13... Nxc3 14. Qxc3 Qe7 15. Rf2 Rad8 {½-½ (48) Chrobak,P (2006)-Nabelek,M (2101) Hrabyne 2003}) 14. e4 fxe4 15. dxe4 Nxc3 16. Qxc3 Qe7 17. Rad1 Rf4 18. Qc4+ Kh7 19. g3 {Die Stellung ist ausgeglichen.} Rf6 20. Kg2 Raf8 21. c3 a5 22. Nh4 Qe8 23. Nf5 Ne7 {[%cal Re7f5]} 24. Nxe7 ({Keinesfalls} 24. Qxc7 $6 Nxf5 25. exf5 Rxf5 $16) (24. Ne3 {keeps more tension.} b5 25. Qe2 Rxf1 26. Rxf1 Rxf1 27. Qxf1 c6 28. Qd3) 24... Qxe7 25. Rxf6 Qxf6 26. Rf1 Qxf1+ 27. Qxf1 Rxf1 28. Kxf1 $11 {KB-KB} Kg6 29. Ke2 b5 30. b4 axb4 31. cxb4 Kf6 32. Ke3 {Precision: Weiß = 47%, Schwarz = 76%.} 1/2-1/2

[Event "World Junior U20 Open 2018"]
[Site "Gebze"]
[Date "2018.09.12"]
[Round "8.5"]
[White "Puranik, Abhimanyu"]
[Black "Van Foreest, Jorden"]
[Result "1-0"]
[WhiteElo "2524"]
[BlackElo "2624"]
[Annotator "TA"]
[PlyCount "101"]
[EventDate "2018.09.05"]
[EventType "swiss"]
[EventCountry "TUR"]
[SourceTitle "playchess.com"]
[Source "ChessBase"]
[SourceQuality "1"]

{[%evp 13,101,14,14,-35,-25,-25,-25,-15,-27,-62,-57,-109,-54,-83,59,56,88,48,72,-24,-30,-141,9,17,13,0,7,25,47,25,62,58,59,50,88,88,93,91,91,95,96,89,104,97,106,95,92,104,102,104,138,116,116,112,118,100,113,121,121,108,117,103,119,126,216,187,245,246,216,239,349,323,291,282,368,375,448,472,448,464,1294,1258,29985,29986,29986,29987,29990,29991,29991,29989]} 1. e4 c5 2. Nc3 d6 3. d4 cxd4 4. Qxd4 Nc6 5. Qd2 g6 6. b3 {B23: Closed Sicilian: Lines without g3} Bh6 7. f4 Nf6 {LiveBook: 10 Games} 8. Nf3 $146 {The position is equal.} ({Predecessor:} 8. Bb2 O-O 9. O-O-O a5 10. a4 Nb4 11. Kb1 {1-0 (33) Dubov,D (2691)-Firouzja,A (2561) Abu Dhabi 2018}) 8... O-O 9. Bb2 $1 e5 10. g3 $1 Bg4 11. Be2 b5 12. Nxb5 (12. O-O-O $15 exf4 13. gxf4) 12... Qb6 (12... Nxe4 $17 13. Qd5 Bf5 14. Qxc6 Rc8) 13. Nc3 $1 $15 Bxf3 (13... Rac8 $1 $17 {Threatens to win with ...Nb4.} 14. O-O-O Nb4) 14. Bxf3 $14 Nd4 15. Rf1 a5 16. Nd5 (16. O-O-O $16) 16... Nxd5 $11 17. exd5 {[#]} (17. Bxd4 $1 $11 exd4 18. exd5) 17... a4 (17... Nf5 $1 $17 18. Be2 Rfe8) 18. Bxd4 $1 exd4 19. Kf2 {[%cal Be1f2,Bf2g2,Bg2g1][%mdl 32]} Bg7 {...d3+ is the strong threat.} 20. Kg2 $36 {[%mdl 2048] Black is under pressure.} Rfc8 {Black wants to play ...d3.} 21. Rab1 Rc3 22. Be4 Qc5 23. Bd3 axb3 24. axb3 Qxd5+ 25. Kg1 Bf6 26. b4 {[%cal Bb3b4,Bb4b5][%mdl 32]} Kg7 27. b5 Rb8 28. Qe2 Rc7 29. Rfe1 Qc5 30. Qf3 d5 31. Kg2 Qd6 32. Re2 Re7 33. Rxe7 Bxe7 34. Re1 Bf6 35. h4 {[%cal Bh2h4,Bh4h5,Bh5h6][%mdl 32]} Rb7 36. h5 Re7 37. Rh1 Re3 38. Qg4 Qb4 (38... Re8 $16 39. Rb1 (39. hxg6 hxg6 40. Qh3 Qe6 $16) 39... Qc7) 39. h6+ $18 Kf8 (39... Kg8 $142 40. Qc8+ Qf8) 40. Ra1 {Strongly threatening Qd7.} Re6 {[#]} 41. Qf3 $1 Qc5 (41... Qd6 $142 42. Ra8+ Re8) 42. Ra8+ Ke7 43. Ra6 Kd8 44. Qd1 Ke8 45. f5 gxf5 46. Bxf5 d3 (46... Rxa6 $142 47. bxa6 d3 48. Qxd3 Kf8 49. Bxh7 Qa5) 47. Bxe6 {White threatens Qg4 and mate.} dxc2 48. Qh5 {White mates.} Kd8 49. Ra8+ Ke7 50. Qxf7+ Kd6 51. Qxf6 {Precision: White = 66%, Black = 45%.} 1-0

[Event "World Junior U20 Open 2018"]
[Site "Gebze"]
[Date "2018.09.12"]
[Round "8.6"]
[White "Thybo, Jesper Sondergaard"]
[Black "Karthikeyan, Murali"]
[Result "1/2-1/2"]
[WhiteElo "2499"]
[BlackElo "2605"]
[Annotator "TA"]
[PlyCount "97"]
[EventDate "2018.09.05"]
[EventType "swiss"]
[EventCountry "TUR"]
[SourceTitle "playchess.com"]
[Source "ChessBase"]
[SourceQuality "1"]

{[%evp 20,97,62,62,151,81,75,83,75,75,91,81,90,68,85,69,88,81,90,83,96,97,126,102,89,117,127,121,125,127,114,110,119,88,172,152,149,120,129,107,104,95,91,32,40,47,58,32,32,32,35,37,55,39,56,56,57,62,79,79,93,14,24,18,18,0,0,0,0,0,8,8,8,8,8,0,8,0,8,0]} 1. d4 Nf6 2. c4 g6 3. Nc3 Bg7 4. e4 d6 5. Nf3 O-O 6. Be2 e5 7. O-O Na6 8. Re1 Qe8 9. Bg5 h6 {E94: King's Indian: Classical: 6 Be2 e5 7 0-0: Various Black 7th moves} (9... exd4 10. Qxd4 Nd7 11. Qd2 Ne5 12. Nd4 Be6 13. Nd5 Bxd5 14. cxd5 Qa4 15. Be3 Nc4 16. Bxc4 Qxc4 17. Rac1 Qxa2 {1-0 (38) Wojtaszek,R (2749)-Pavlidis,A (2532) Tallinn 2016}) 10. Bxf6 Bxf6 11. c5 {LiveBook: 34 Games} Bg4 (11... Nb4 $14) 12. Bxa6 (12. c6 $142 bxc6 13. dxe5 (13. Bxa6 exd4 14. Na4 c5 $16) 13... Bxf3 14. gxf3 Qxe5 15. Bxa6) 12... bxa6 $16 13. Nd5 Bd8 14. cxd6 cxd6 {[#]} 15. dxe5 $146 ({Predecessor:} 15. h3 Bxf3 16. Qxf3 exd4 17. Qd3 {½-½ (58) Milov,V (2633)-Podzielny,K (2499) Essen 1999}) 15... dxe5 16. h3 Bxf3 17. Qxf3 Kg7 18. Rac1 Qe6 19. Rc4 Bg5 20. Re2 Rac8 21. Rec2 Rxc4 22. Rxc4 f5 23. Rc7+ Rf7 24. Rxf7+ Qxf7 25. Qc3 Bf6 26. Qd3 Qe6 (26... fxe4 $16 {was called for.} 27. Qxe4 h5) 27. Qe3 $18 Qf7 28. b3 Bd8 29. Qd3 fxe4 30. Qxe4 Qf5 31. Qxf5 ({White should try} 31. Qb4 $16) 31... gxf5 $16 {[%mdl 4096] Endgame KB-KN} 32. Nb4 Be7 33. Nc6 Bd6 34. Nxa7 Kf6 35. Nc6 Ke6 36. Kf1 Kd5 37. Na5 $1 Kd4 38. Ke2 e4 39. Nc4 Bc7 40. g3 (40. Ne3 $16 Ke5 41. g4) 40... f4 $11 41. gxf4 Bxf4 {The position is equal.} 42. f3 h5 43. Na5 exf3+ 44. Kxf3 Bc1 45. Nc6+ Kc5 46. Ne5 {[#] aiming for Nd3+.} Kd4 47. Nc6+ Kc5 48. Ne5 {Strongly threatening Nd3+.} Kd4 49. Nc6+ {Precision: White = 57%, Black = 59%.} 1/2-1/2

[Event "World Junior U20 Open 2018"]
[Site "Gebze"]
[Date "2018.09.12"]
[Round "8.7"]
[White "Lobanov, Sergei"]
[Black "Esipenko, Andrey"]
[Result "1/2-1/2"]
[WhiteElo "2535"]
[BlackElo "2593"]
[Annotator "TA"]
[PlyCount "61"]
[EventDate "2018.09.05"]
[EventType "swiss"]
[EventCountry "TUR"]
[SourceTitle "playchess.com"]
[Source "ChessBase"]
[SourceQuality "1"]

{[%evp 15,61,29,33,18,49,25,50,55,51,48,52,22,22,22,27,22,33,0,0,0,0,0,0,0,0,0,0,0,0,0,0,0,0,0,0,0,0,0,6,6,6,4,10,0,3,0,0,0]} 1. e4 c6 2. d4 d5 3. e5 Bf5 4. Nf3 e6 5. Be2 c5 6. Be3 cxd4 7. Nxd4 Ne7 8. O-O Nbc6 9. Bb5 {B12: Caro-Kann: Advance Variation} a6 10. Bxc6+ $1 Nxc6 11. Nxf5 {White is slightly better.} exf5 12. f4 (12. c3 Qd7 13. Re1 Be7 14. Nd2 O-O 15. Nf3 Qe6 16. Qb3 b5 {1-0 (40) Dominguez Perez,L (2739)-So,W (2780) Saint Louis 2018}) 12... d4 13. Bf2 Qb6 {[#]} 14. Qc1 $146 ({Predecessor:} 14. Nd2 Qxb2 15. Rb1 Qxa2 16. Rxb7 Nd8 {½-½ (28) Borisek,J (2576)-Dreev,A (2635) Spilimbergo 2018}) 14... Be7 15. Nd2 Rd8 16. Nb3 Qb5 {The position is equal.} 17. Rd1 {[%cal Rb3d4]} O-O 18. Qd2 f6 19. exf6 ({Avoid the trap} 19. Nxd4 $2 Nxd4 20. a4 (20. Bxd4 $2 Rxd4 21. a4 Qc6 $19) 20... Ne2+ 21. Kh1 Qc4 $19) 19... Bxf6 20. Qd3 Qxd3 21. Rxd3 Nb4 22. Rd2 Rc8 23. Nxd4 Bxd4 24. Bxd4 Nxc2 25. Rad1 Nxd4 26. Rxd4 $11 {KRR-KRR} Rc7 27. R1d2 g6 28. Kf2 Rff7 29. a4 Rfe7 30. g3 Kg7 31. Rb4 {Precision: White = 68%, Black = 74%.} 1/2-1/2

[Event "World Junior U20 Open 2018"]
[Site "Gebze"]
[Date "2018.09.12"]
[Round "8.8"]
[White "Petrosyan, Manuel"]
[Black "Haldorsen, Benjamin"]
[Result "1-0"]
[WhiteElo "2581"]
[BlackElo "2461"]
[Annotator "TA"]
[PlyCount "87"]
[EventDate "2018.09.05"]
[EventType "swiss"]
[EventCountry "TUR"]
[SourceTitle "playchess.com"]
[Source "ChessBase"]
[SourceQuality "1"]

{[%evp 11,87,4,14,0,3,0,0,0,0,0,0,0,14,7,10,0,0,-14,-14,-38,0,-17,-13,-38,-49,-78,-89,-69,-60,-105,-110,-110,142,135,126,130,125,112,227,229,254,257,245,250,239,223,241,231,317,318,335,323,337,327,388,395,369,364,426,422,419,423,423,412,556,557,511,475,491,474,478,464,1168,961,914,905,825,654]} 1. Nf3 d5 2. e3 Nf6 3. b3 e6 4. Bb2 Bd6 5. c4 b6 (5... O-O 6. Nc3 c5 7. cxd5 exd5 8. d4 Nc6 9. Be2 cxd4 10. Nxd4 Nxd4 11. Qxd4 Re8 12. Rd1 Be5 13. Qd2 Bf5 {½-½ (24) Aronian,L (2764)-So,W (2778) Paris 2018}) 6. Nc3 {A13: English Opening: 1...e6} a6 {LiveBook: 4 Games} 7. Qc2 $146 ({Predecessor:} 7. d4 O-O 8. Bd3 Bb7 9. O-O Nbd7 10. Qc2 dxc4 11. bxc4 Bxf3 12. gxf3 c5 13. dxc5 Nxc5 14. Be2 Qe7 15. Kh1 Rfd8 16. Rg1 Ra7 17. Rad1 g6 18. f4 {½-½ (26) Ostmoe,G (2464)-Blomqvist,E (2503) Norway 2018}) 7... Bb7 8. cxd5 {The position is equal.} exd5 9. d4 Nbd7 10. g3 Qe7 11. Bg2 O-O 12. O-O Rfe8 13. Ne2 {[%cal Bc3e2,Be2c1,Bc1d3,Bd3e5][%mdl 32]} Rac8 14. Rad1 Ne4 15. Qb1 g5 16. Nc1 h5 17. Nd3 f6 18. Rfe1 Qh7 19. h4 Nf8 20. hxg5 fxg5 21. Nde5 Ng6 $2 {[%mdl 8192] [#]} (21... Ne6 $17) 22. Nxg5 $1 $16 Nxg5 23. Qxg6+ Qxg6 24. Nxg6 Kg7 (24... Kf7 $16) 25. Nf4 $18 Bxf4 26. gxf4 ({Don't take} 26. exf4 Rxe1+ 27. Rxe1 Ne4 $18) 26... Ne4 27. f3 Ng3 28. Kf2 h4 29. Ba3 c5 30. dxc5 bxc5 31. Bh3 Rc7 32. Bb2+ Kg8 33. Bf6 Rh7 {[#]} 34. Bxh4 $1 {[%mdl 512]} Rxh4 35. Kxg3 Rh7 36. Bf5 Rg7+ 37. Kf2 Rc7 38. Rh1 {White is clearly winning.} Rg7 39. Rdg1 Ree7 40. Rxg7+ Kxg7 41. Bd3 Rf7 (41... a5 $142 42. Rc1 Rc7) 42. Rh7+ Kf8 43. Rxf7+ Kxf7 44. e4 {Precision: White = 61%, Black = 38%.} 1-0

[Event "World Junior U20 Open 2018"]
[Site "Gebze"]
[Date "2018.09.12"]
[Round "8.9"]
[White "Tabatabaei, M amin"]
[Black "Kollars, Dmitrij"]
[Result "1-0"]
[WhiteElo "2576"]
[BlackElo "2536"]
[Annotator "TA"]
[PlyCount "147"]
[EventDate "2018.09.05"]
[EventType "swiss"]
[EventCountry "TUR"]
[SourceTitle "playchess.com"]
[Source "ChessBase"]
[SourceQuality "1"]

{[%evp 18,147,31,29,36,35,35,0,35,24,24,24,24,0,24,-5,12,5,7,10,29,22,33,33,36,28,39,22,25,10,32,17,16,13,24,24,41,17,18,-12,32,0,0,-58,-58,-56,0,0,0,0,0,0,0,0,0,0,0,0,0,0,0,0,0,0,0,0,0,0,0,0,0,0,0,0,0,0,0,3,16,16,16,16,31,30,26,30,26,19,26,0,0,0,85,60,70,5,6409,5081,6609,5345,29942,12327,29963,2331,29965,29968,29967,29968,29969,29970,29970,29971,29971,29970,29951,10291,29972,29974,29976,29977,29976,29977,29977,29978,29978,29979,29979,29979,29981,29981,29980,29979]} 1. Nf3 Nf6 2. c4 c6 3. Nc3 d5 4. e3 Bg4 5. Qb3 Qb6 6. Qxb6 {A11: Reti-Eröffnung} (6. Ne5 e6 7. Nxg4 Nxg4 8. Be2 Ne5 9. c5 Qc7 10. d4 Ned7 11. e4 Be7 12. O-O O-O 13. Be3 b6 14. cxb6 axb6 {1-0 (76) Wei,Y (2735)-Inarkiev,E (2690) Magas 2018}) 6... axb6 7. cxd5 Bxf3 8. gxf3 Nxd5 9. Nxd5 cxd5 10. b3 {LiveBook: 3 Partien} Nc6 11. f4 $146 ({Vorgänger:} 11. Bb2 f6 12. f4 e6 13. Rg1 Kf7 {0-1 (25) Larsen,B (2565)-Torre,E (2540) Brussels 1987}) 11... e6 12. Rg1 Be7 13. Bb2 Bf6 14. Bxf6 gxf6 15. Bb5 Ke7 16. Ke2 Rhg8 17. Rg3 f5 18. a4 Kd6 19. d4 Na7 {[#] Weiss muss nun ...Txg3 beachten.} 20. Bd3 Rg6 21. Kd2 Nc6 22. Be2 Ne7 23. Rag1 Rh6 24. R3g2 Rc8 25. Bd3 Ng6 26. Rh1 Ne7 27. Rg7 Rf8 28. Kc3 Rh3 {Mit der Idee ...Sg6.} 29. Bf1 (29. Rg3 $5 {[%cal Rg3h3]} Rh4 30. h3 $11) 29... Rf3 30. Rg2 (30. Bb5 $11) 30... Rg8 $1 $15 31. Rhg1 Rxf2 (31... Rg6 $1 $15) 32. Rxg8 $11 Nxg8 33. Rxg8 Rxf1 $15 {[%mdl 4096] Endspiel KT-KT} 34. Rb8 Re1 35. Kd2 Rb1 36. Kc2 Re1 37. Kd2 Rb1 38. Kc2 Re1 39. Rxb7 Kc6 40. Rxf7 Rxe3 41. b4 {b5+ ist eine echte Drohung.} b5 42. a5 Re2+ 43. Kd3 Rxh2 44. Re7 Rh3+ 45. Ke2 Rh2+ 46. Kf3 Rh3+ 47. Kf2 Rb3 48. Rxe6+ Kc7 49. Re5 Kc6 50. Rxf5 Rxb4 51. Rf6+ Kc7 52. Rf7+ Kc6 53. f5 {zielt auf f6 ab.} Rxd4 54. a6 {Droht a7 und aus.} Kd6 (54... Ra4 $11 {bleibt in der Remisbreite.}) 55. Rf8 $16 {[%mdl 1024] Weiss hat starke Kompensation.} ({Ein No Go ist} 55. Rxh7 $6 Rf4+ 56. Ke2 Rxf5 $11) 55... Ra4 {Weiss sollte ...b4 verhindern.} 56. Ra8 (56. Ke3 $14) 56... Kc7 $2 {[%mdl 8192]} (56... b4 $11) 57. Kg3 $18 Ra3+ 58. Kf4 Ra1 59. f6 Rf1+ 60. Ke5 Kb6 {[#]} 61. Ke6 $1 Re1+ 62. Kxd5 Rf1 63. Ke6 Re1+ 64. Kd6 Rd1+ 65. Ke7 Re1+ 66. Kf8 h5 67. f7 {Weiß setzt Matt.} h4 68. Kg7 Rg1+ 69. Kh6 Rf1 70. f8=Q Rxf8 71. Rxf8 Kxa6 72. Kg5 b4 73. Kf4 Kb5 74. Ke3 {Precision: Weiß = 64%, Schwarz = 48%.} 1-0